000 00542nam a22001937a 4500
003 OSt
005 20240917144033.0
008 240917b |||||||| |||| 00| 0 eng d
024 _2SDCL
_aSDCL
040 _aSDCL
_bhin
_cSDCL
_dSDCL
041 _ahin
082 _2Y:1 K9
100 _aShalya, Yashdev
245 _aSanskriti :
_bManav-kartratva ki vyakhya /
_cYashdev Shalya.
260 _aJaipur :
_bSamajik Vigyan Hindi Rachna Kendra,
_c1969.
300 _a143p.
942 _2CC
_cTEXL
_hY:1 K9
_n0
999 _c1215898
_d1215898